Simulation of dynamic systems with MATLAB and Simulink / (Record no. 599604)
[ view plain ]
| 000 -LEADER | |
|---|---|
| fixed length control field | 00287nam a2200109Ia 4500 |
| 008 - FIXED-LENGTH DATA ELEMENTS--GENERAL INFORMATION | |
| fixed length control field | 230907s9999||||xx |||||||||||||| ||und|| |
| 082 ## - DEWEY DECIMAL CLASSIFICATION NUMBER | |
| Classification number | 3.3 |
| Author Mark | KLE |
| 100 ## - MAIN ENTRY--PERSONAL NAME | |
| Personal name | Klee, Harold, |
| 9 (RLIN) | 94021 |
| 245 #0 - TITLE STATEMENT | |
| Title | Simulation of dynamic systems with MATLAB and Simulink / |
| 300 ## - PHYSICAL DESCRIPTION | |
| Extent | 832 p. |
| 942 ## - ADDED ENTRY ELEMENTS (KOHA) | |
| Koha item type | Book |
| Withdrawn status | Lost status | Damaged status | Not for loan | Permanent Location | Current Location | Date acquired | Total Checkouts | Full call number | Barcode | Date last seen | Price effective from | Koha item type |
|---|---|---|---|---|---|---|---|---|---|---|---|---|
| US-Pakistan Center for Advanced Studies in Energy (USPCAS-E) | US-Pakistan Center for Advanced Studies in Energy (USPCAS-E) | 10/08/2019 | 003.3 KLE | CAS-E0003703 | 09/12/2023 | 09/12/2023 | Book |
